[Event "SRB-chT 1st League CS"]
[Site "Bajina Basta"]
[Date "2021.10.03"]
[Round "11.5"]
[White "Vuksanovic, Zvezdan"]
[Black "Sandic, Vladeta"]
[Result "1/2-1/2"]
[WhiteElo "2202"]
[BlackElo "2274"]
[PlyCount "79"]
[EventDate "2021.09.26"]
[EventType "team-tourn"]
[EventRounds "11"]
[EventCountry "SRB"]
[SourceTitle "EXT 2023"]
[Source "ChessBase"]
[SourceDate "2022.10.05"]
[SourceVersion "1"]
[SourceVersionDate "2022.10.05"]
[SourceQuality "1"]
[WhiteTeam "Kosovska Mitrovica"]
[BlackTeam "Valjevo Krusik"]
[WhiteTeamCountry "SRB"]
[BlackTeamCountry "SRB"]

1. c4 c5 2. g3 g6 3. Bg2 Bg7 4. Nc3 Nc6 5. d3 e6 6. Nf3 Nge7 7. 0-0 0-0 8. Bf4 d6 9. Qc1 b6 10. Bh6 Bb7 11. Bxg7 Kxg7 12. Qf4 e5 13. Qd2 Qd7 14. e3 f5 15. h4 h6 16. b3 Rae8 17. Ne2 d5 18. cxd5 Nxd5 19. d4 cxd4 20. exd4 e4 21. Ne1 e3 22. Qb2 exf2+ 23. Rxf2 Kh7 24. Nf3 Ne3 25. Bh1 Ng4 26. Rff1 Nb4 27. Nf4 Nd5 28. Ne5 Nxe5 29. dxe5 Ne3 30. Bxb7 Nxf1 31. Rxf1 Qxb7 32. h5 gxh5 33. Nxh5 Qe4 34. Nf6+ Rxf6 35. exf6 Kg6 36. Qd2 Qe3+ 37. Qxe3 Rxe3 38. Rxf5 Kf7 39. Kf2 Rc3 40. Kg2 1/2-1/2

[Event "SRB-chT Central"]
[Site "Kragujevac"]
[Date "2013.09.22"]
[Round "11.5"]
[White "Todorovic, Bojan"]
[Black "Sandic, Vladeta"]
[Result "1/2-1/2"]
[WhiteElo "2338"]
[BlackElo "2326"]
[PlyCount "45"]
[EventDate "2013.09.14"]
[EventType "team-tourn"]
[EventRounds "11"]
[EventCountry "SRB"]
[SourceTitle "CBM 156 Extra"]
[Source "ChessBase"]
[SourceDate "2013.10.22"]
[SourceVersion "1"]
[SourceVersionDate "2013.10.22"]
[SourceQuality "1"]
[WhiteTeam "Pirot Progres"]
[BlackTeam "Ub"]
[WhiteTeamCountry "SRB"]
[BlackTeamCountry "SRB"]

1. d4 Nf6 2. c4 c5 3. e3 cxd4 4. exd4 d5 5. Nc3 e6 6. Nf3 Be7 7. Bd3 dxc4 8. Bxc4 a6 9. 0-0 0-0 10. Bg5 b5 11. Bb3 Bb7 12. Re1 Nbd7 13. Ne5 Nxe5 14. dxe5 Nd7 15. Bxe7 Qxe7 16. Qh5 h6 17. Ne4 Bxe4 18. Rxe4 Nc5 19. Rg4 Nxb3 20. axb3 Kh8 21. Rd4 Rfd8 22. Rxd8+ Rxd8 23. Qf3 1/2-1/2

[Event "SRB-chT Central"]
[Site "Kragujevac"]
[Date "2013.09.20"]
[Round "9.6"]
[White "Sandic, Vladeta"]
[Black "Cvetanovic, Uros"]
[Result "1/2-1/2"]
[WhiteElo "2326"]
[BlackElo "2258"]
[PlyCount "60"]
[EventDate "2013.09.14"]
[EventType "team-tourn"]
[EventRounds "11"]
[EventCountry "SRB"]
[SourceTitle "CBM 156 Extra"]
[Source "ChessBase"]
[SourceDate "2013.10.22"]
[SourceVersion "1"]
[SourceVersionDate "2013.10.22"]
[SourceQuality "1"]
[WhiteTeam "Ub"]
[BlackTeam "Paracin"]
[WhiteTeamCountry "SRB"]
[BlackTeamCountry "SRB"]

1. d4 Nf6 2. c4 e6 3. Nc3 Bb4 4. Qc2 0-0 5. a3 Bxc3+ 6. Qxc3 Ne4 7. Qc2 f5 8. Nf3 b6 9. g3 Bb7 10. Bg2 Nf6 11. 0-0 Be4 12. Qc3 d6 13. b4 Nbd7 14. Bb2 Qe7 15. Nd2 Bxg2 16. Kxg2 c5 17. f4 Rfc8 18. Qd3 d5 19. dxc5 bxc5 20. cxd5 Nxd5 21. bxc5 Nxc5 22. Qd4 Nf6 23. Rac1 Qb7+ 24. Kg1 Rd8 25. Qxc5 Qxb2 26. Rc2 Qb6 27. Qxb6 axb6 28. Rf3 Rd5 29. Rfc3 Rad8 30. Nf3 h6 1/2-1/2

[Event "SRB-chT"]
[Site "Vrnjacka Banja"]
[Date "2012.10.06"]
[Round "10.1"]
[White "Sandic, Vladeta"]
[Black "Rajkovic, Dusan"]
[Result "1/2-1/2"]
[WhiteElo "2338"]
[BlackElo "2409"]
[PlyCount "34"]
[EventDate "2012.09.29"]
[EventType "team-tourn"]
[EventRounds "11"]
[EventCountry "SRB"]
[SourceTitle "CBM 150 Extra"]
[Source "ChessBase"]
[SourceDate "2012.10.19"]
[SourceVersion "1"]
[SourceVersionDate "2012.10.19"]
[SourceQuality "1"]
[WhiteTeam "Ub"]
[BlackTeam "Smederevska Palanka"]
[WhiteTeamCountry "SRB"]
[BlackTeamCountry "SRB"]

1. d4 Nf6 2. c4 e6 3. Nc3 Bb4 4. Bd2 b6 5. Nf3 Bb7 6. e3 0-0 7. a3 Be7 8. Bd3 c5 9. 0-0 d6 10. Qe2 Nbd7 11. Rad1 Rc8 12. d5 exd5 13. cxd5 Re8 14. Bc4 Bf8 15. h3 Ne4 16. Qd3 g6 17. Rfe1 Bg7 1/2-1/2

[Event "SRB-chT"]
[Site "Vrnjacka Banja"]
[Date "2012.10.03"]
[Round "7.5"]
[White "Sandic, Vladeta"]
[Black "Arsovic, Goran"]
[Result "1/2-1/2"]
[WhiteElo "2338"]
[BlackElo "2435"]
[PlyCount "39"]
[EventDate "2012.09.29"]
[EventType "team-tourn"]
[EventRounds "11"]
[EventCountry "SRB"]
[SourceTitle "CBM 150 Extra"]
[Source "ChessBase"]
[SourceDate "2012.10.19"]
[SourceVersion "1"]
[SourceVersionDate "2012.10.19"]
[SourceQuality "1"]
[WhiteTeam "Ub"]
[BlackTeam "Kraljevo Sloga"]
[WhiteTeamCountry "SRB"]
[BlackTeamCountry "SRB"]

1. d4 Nf6 2. c4 g6 3. Nc3 Bg7 4. e4 d6 5. h3 0-0 6. Nf3 e5 7. d5 Nh5 8. Nh2 Qe8 9. Be2 Nf4 10. Bf3 f5 11. 0-0 Na6 12. Re1 Qf7 13. exf5 Bxf5 14. Ne4 Bxe4 15. Bxe4 Nc5 16. f3 Nxe4 17. fxe4 Qe7 18. Be3 a5 19. Qd2 Rf7 20. Rf1 1/2-1/2

[Event "SRB-chT"]
[Site "Vrnjacka Banja"]
[Date "2012.10.01"]
[Round "4.4"]
[White "Marcetic, Nikola"]
[Black "Sandic, Vladeta"]
[Result "1/2-1/2"]
[WhiteElo "2382"]
[BlackElo "2338"]
[PlyCount "57"]
[EventDate "2012.09.29"]
[EventType "team-tourn"]
[EventRounds "11"]
[EventCountry "SRB"]
[SourceTitle "CBM 150 Extra"]
[Source "ChessBase"]
[SourceDate "2012.10.19"]
[SourceVersion "1"]
[SourceVersionDate "2012.10.19"]
[SourceQuality "1"]
[WhiteTeam "Pozega"]
[BlackTeam "Ub"]
[WhiteTeamCountry "SRB"]
[BlackTeamCountry "SRB"]

1. d4 Nf6 2. c4 e6 3. Nc3 d5 4. Bg5 Be7 5. e3 0-0 6. Nf3 Nbd7 7. Qc2 c5 8. dxc5 Qa5 9. cxd5 Nxd5 10. Bxe7 Nxe7 11. Ng5 Nf6 12. Bd3 h6 13. Nh7 Nxh7 14. Bxh7+ Kh8 15. Be4 Qxc5 16. 0-0 f5 17. Bf3 e5 18. Rac1 e4 19. Be2 Be6 20. Nb5 Qxc2 21. Rxc2 Rac8 22. Rfc1 Rxc2 23. Rxc2 Rc8 24. Rxc8+ Nxc8 25. a3 g6 26. Nd4 Bd7 27. h3 Nd6 28. Kf1 Kg7 29. Ke1 1/2-1/2

[Event "SRB-chT"]
[Site "Vrnjacka Banja"]
[Date "2012.09.29"]
[Round "1.2"]
[White "Sandic, Vladeta"]
[Black "Todorovic, Jovan"]
[Result "0-1"]
[WhiteElo "2338"]
[BlackElo "2427"]
[PlyCount "107"]
[EventDate "2012.09.29"]
[EventType "team-tourn"]
[EventRounds "11"]
[EventCountry "SRB"]
[SourceTitle "CBM 150 Extra"]
[Source "ChessBase"]
[SourceDate "2012.10.19"]
[SourceVersion "1"]
[SourceVersionDate "2012.10.19"]
[SourceQuality "1"]
[WhiteTeam "Ub"]
[BlackTeam "Goracici Jelica"]
[WhiteTeamCountry "SRB"]
[BlackTeamCountry "SRB"]

1. d4 Nf6 2. c4 g6 3. Nc3 Bg7 4. e4 d6 5. h3 0-0 6. Nf3 e5 7. d5 Nbd7 8. Bg5 h6 9. Be3 Nc5 10. Nd2 a5 11. Be2 Bd7 12. g4 c6 13. h4 Nh7 14. Nb3 Na6 15. Qd2 a4 16. Nc1 cxd5 17. cxd5 a3 18. bxa3 Nf6 19. g5 hxg5 20. hxg5 Ng4 21. Bxg4 Bxg4 22. Nb3 Qd7 23. Qd3 Rfc8 24. Kd2 Nc5 25. Nxc5 dxc5 26. a4 Rxa4 27. Nxa4 Qxa4 28. Rh4 Qb4+ 29. Kc2 Qa4+ 30. Kc1 c4 31. Qc2 Qa3+ 32. Qb2 Qa5 33. Rxg4 Qe1+ 34. Kc2 Qe2+ 35. Kc1 Qxg4 36. Qxb7 Bf8 37. a4 c3 38. a5 Rc4 39. d6 Qe2 40. Qb3 Bxd6 41. Qc2 Qg4 42. a6 Bc5 43. a7 Bxe3+ 44. fxe3 Qg1+ 45. Qd1 Qxe3+ 46. Kc2 Qxe4+ 47. Kb3 Rc8 48. a8Q Rxa8 49. Rxa8+ Qxa8 50. Kxc3 Qc6+ 51. Kb3 Qb5+ 52. Ka2 Qc4+ 53. Ka3 Qc3+ 54. Ka2 0-1

[Event "SRB-chT Central"]
[Site "Kraljevo"]
[Date "2011.09.23"]
[Round "9.3"]
[White "Pavlovic, Dejan S"]
[Black "Sandic, Vladeta"]
[Result "1-0"]
[WhiteElo "2430"]
[BlackElo "2334"]
[PlyCount "87"]
[EventDate "2011.09.17"]
[EventType "team-tourn"]
[EventRounds "11"]
[EventCountry "SRB"]
[SourceTitle "CBM 144 Extra"]
[Source "ChessBase"]
[SourceDate "2011.10.28"]
[SourceVersion "1"]
[SourceVersionDate "2011.10.28"]
[SourceQuality "1"]
[WhiteTeam "Sloboda"]
[BlackTeam "Ub"]
[WhiteTeamCountry "YUG"]
[BlackTeamCountry "YUG"]

1. d4 Nf6 2. Bg5 d5 3. Bxf6 exf6 4. e3 f5 5. g3 g6 6. Bg2 Bg7 7. Ne2 0-0 8. 0-0 c6 9. Nd2 Nd7 10. c4 dxc4 11. Nxc4 Nb6 12. Na5 Qe7 13. Qc2 Be6 14. Nf4 Rad8 15. a3 Nd5 16. Nd3 Qc7 17. b4 Rfe8 18. Rac1 g5 19. Rfe1 h5 20. Nc5 Bc8 21. Ncxb7 Bxb7 22. Qxf5 Qe7 23. Nxb7 Qxb7 24. Qxg5 Qa6 25. Qxh5 Qxa3 26. Rxc6 Qxb4 27. Rec1 Nf6 28. Qf5 Rd6 29. Rc7 Ra6 30. Bd5 Rf8 31. Bxf7+ Rxf7 32. Qc8+ Bf8 33. Rxf7 Kxf7 34. Qxa6 Qb6 35. Ra1 Be7 36. Qa2+ Kf8 37. Qxa7 Qe6 38. Qa8+ Kg7 39. Qf3 Ne4 40. h4 Nd2 41. Qe2 Ne4 42. Ra7 Nf6 43. Qa6 Qe4 44. Qb7 1-0

[Event "SRB-chT Central"]
[Site "Kraljevo"]
[Date "2011.09.21"]
[Round "7"]
[White "Todorovic, Jovan"]
[Black "Sandic, Vladeta"]
[Result "1/2-1/2"]
[WhiteElo "2420"]
[BlackElo "2334"]
[PlyCount "80"]
[EventDate "2011.09.17"]
[EventType "team-tourn"]
[EventRounds "11"]
[EventCountry "SRB"]
[SourceTitle "CBM 144 Extra"]
[Source "ChessBase"]
[SourceDate "2011.10.28"]
[SourceVersion "1"]
[SourceVersionDate "2011.10.28"]
[SourceQuality "1"]
[WhiteTeam "Jelica"]
[BlackTeam "Ub"]
[WhiteTeamCountry "YUG"]
[BlackTeamCountry "YUG"]

1. e4 d5 2. exd5 Nf6 3. c4 c6 4. d4 cxd5 5. Nc3 e6 6. Nf3 Be7 7. cxd5 Nxd5 8. Bd3 Nc6 9. 0-0 0-0 10. Re1 Nf6 11. a3 b6 12. Bg5 Nd5 13. Nxd5 Bxg5 14. Bxh7+ Kxh7 15. Qc2+ Kh8 16. Qxc6 Bd7 17. Qd6 Bh6 18. Nc3 Bc8 19. Qg3 Bb7 20. Rad1 Qf6 21. Ne5 Rad8 22. Ng4 Qf4 23. Nxh6 Qxh6 24. Re5 Rd7 25. Qg4 Kg8 26. Rh5 Qf6 27. Ne4 Bxe4 28. Qxe4 g6 29. Re5 Rfd8 30. h3 Rd6 31. Rd3 R8d7 32. d5 Rxd5 33. Rexd5 Rxd5 34. Rxd5 exd5 35. Qxd5 Qxb2 36. Qa8+ Kg7 37. Qxa7 Qc1+ 38. Kh2 Qf4+ 39. Kg1 Qc1+ 40. Kh2 Qf4+ 1/2-1/2

[Event "SRB-chT 1st League"]
[Site "Valjevo"]
[Date "2010.09.21"]
[Round "5"]
[White "Nestorovic, Nikola"]
[Black "Sandic, Vladeta"]
[Result "1-0"]
[WhiteElo "2420"]
[BlackElo "2331"]
[PlyCount "49"]
[EventDate "2010.09.18"]
[EventType "team"]
[EventRounds "11"]
[EventCountry "SRB"]
[SourceTitle "CBM 138 Extra"]
[Source "ChessBase"]
[SourceDate "2010.10.29"]
[SourceVersion "1"]
[SourceVersionDate "2010.10.29"]
[SourceQuality "1"]

1. e4 d5 2. exd5 Nf6 3. Bb5+ Bd7 4. Be2 Nxd5 5. d4 Bf5 6. Nf3 e6 7. a3 Bd6 8. c4 Nf6 9. Nc3 0-0 10. h3 c5 11. Be3 Qe7 12. Nb5 cxd4 13. Nfxd4 Bc5 14. b4 Bxd4 15. Qxd4 Nc6 16. Qd6 Qxd6 17. Nxd6 Ne5 18. 0-0 b6 19. f4 Ned7 20. Bf3 Rab8 21. g4 Bg6 22. Rfd1 Bc2 23. Rd2 Ba4 24. g5 Ne8 25. Nb5 1-0

[Event "SRB-chT 1st League"]
[Site "Valjevo"]
[Date "2010.09.20"]
[Round "4"]
[White "Sandic, Vladeta"]
[Black "Dudukovic, Nikola"]
[Result "1/2-1/2"]
[WhiteElo "2331"]
[BlackElo "2244"]
[PlyCount "103"]
[EventDate "2010.09.18"]
[EventType "team"]
[EventRounds "11"]
[EventCountry "SRB"]
[SourceTitle "CBM 138 Extra"]
[Source "ChessBase"]
[SourceDate "2010.10.29"]
[SourceVersion "1"]
[SourceVersionDate "2010.10.29"]
[SourceQuality "1"]

1. d4 Nf6 2. c4 c5 3. d5 e6 4. Nc3 exd5 5. cxd5 d6 6. e4 g6 7. h3 Bg7 8. Nf3 0-0 9. Bd3 Re8 10. 0-0 c4 11. Bc2 b5 12. a3 a6 13. Re1 Nbd7 14. Bf4 Qb6 15. Qd2 Bb7 16. Rad1 Rad8 17. Be3 Qc7 18. Nd4 Nc5 19. f3 Nfd7 20. f4 Nf6 21. Bf2 Rd7 22. Re2 Rde7 23. Rde1 Qb6 24. Nf3 Nfd7 25. Kh1 a5 26. Nd4 Nd3 27. Ndxb5 Nxf2+ 28. Rxf2 Nf6 29. Rd1 Nh5 30. a4 Ba8 31. Kh2 Kh8 32. Rf3 g5 33. fxg5 Be5+ 34. g3 Rg8 35. Nd4 f6 36. Nf5 Rxg5 37. h4 Rg4 38. Kh3 Reg7 39. Nxg7 Rxg7 40. Ne2 Bb7 41. Rg1 Bc8+ 42. g4 Qxg1 43. Nxg1 Rxg4 44. Ne2 Rg3+ 45. Kh2 Rxf3+ 46. Kg2 Rh3 47. Qxa5 Bg4 48. Qd8+ Kg7 49. Qe7+ Kg8 50. Qe8+ Kg7 51. Qe7+ Kg8 52. Qe8+ 1/2-1/2

[Event "SRB-chT 1st League"]
[Site "Valjevo"]
[Date "2010.09.18"]
[Round "1"]
[White "Sandic, Vladeta"]
[Black "Kojovic, Dragan"]
[Result "1/2-1/2"]
[WhiteElo "2331"]
[BlackElo "2381"]
[PlyCount "33"]
[EventDate "2010.09.18"]
[EventType "team"]
[EventRounds "11"]
[EventCountry "SRB"]
[SourceTitle "CBM 138 Extra"]
[Source "ChessBase"]
[SourceDate "2010.10.29"]
[SourceVersion "1"]
[SourceVersionDate "2010.10.29"]
[SourceQuality "1"]

1. d4 Nf6 2. c4 g6 3. Nc3 d5 4. cxd5 Nxd5 5. Bd2 Nb6 6. Bf4 Bg7 7. e3 0-0 8. Nf3 Nc6 9. Be2 Bf5 10. 0-0 e5 11. dxe5 Qe7 12. e4 Bg4 13. Nd5 Nxd5 14. exd5 Bxf3 15. Bxf3 Nxe5 16. Bxe5 Bxe5 17. Qb3 1/2-1/2

[Event "SRB-chT2 West"]
[Site "Serbia"]
[Date "2009.10.11"]
[Round "11.2"]
[White "Tasic, Vladimir"]
[Black "Sandic, Vladeta"]
[Result "1/2-1/2"]
[WhiteElo "2258"]
[BlackElo "2338"]
[PlyCount "51"]
[EventDate "2009.09.06"]
[EventType "team"]
[EventRounds "11"]
[EventCountry "SRB"]
[SourceTitle "EXT 2012"]
[Source "ChessBase"]
[SourceDate "2011.11.24"]
[SourceVersion "1"]
[SourceVersionDate "2011.11.24"]
[SourceQuality "1"]

1. f4 Nf6 2. Nf3 c5 3. e3 g6 4. b3 Bg7 5. Bb2 0-0 6. c4 Nc6 7. a3 b6 8. Qc2 Bb7 9. Bd3 d5 10. 0-0 e6 11. Ne5 Qd6 12. Be2 d4 13. Bf3 Rad8 14. Bxc6 Bxc6 15. exd4 cxd4 16. d3 Bb7 17. Qe2 Nd7 18. Nxd7 Rxd7 19. Nd2 f5 20. Rae1 Re8 21. Qf2 e5 22. fxe5 Rxe5 23. Rxe5 Bxe5 24. Nf3 Bxf3 25. gxf3 Bf4 26. Bc1 1/2-1/2